Statistics for Countries with Missing Consonants #2

Click here to take the quiz!

General Stats

  • This quiz has been taken 1,221 times
  • The average score is 11 of 21

Answer Stats

ClueCountry% Correct
A U _ _ _ I AAustria
100%
_ A O _Laos
94%
E _ _ I O _ I AEthiopia
92%
I _ _ I AIndia
84%
U _ _ E _ I _ _ A _Uzbekistan
82%
_ _ E E _ EGreece
73%
_ O _ O _ OKosovo
71%
_ O _ I _ I ABolivia
53%
_ U _ _ I ARussia
52%
_ A _ E _ O _ I AMacedonia
49%
_ A _ O _Gabon
47%
_ U _ I _ A _ ESuriname
43%
_ E _ _ I ASerbia
42%
_ E _ A _Nepal
39%
_ I _ _ A _ _Finland
28%
_ O _ _ _ A _ ABotswana
24%
_ _ O _ A _ I ASlovakia
24%
_ _ A _ I _Brazil
22%
_ _ I _ _ E _ _ A _ _Switzerland
19%
_ A _ _ _ A _ E _ _Bangladesh
15%
_ _ A _ _ ARwanda
14%

Score Distribution

Percentile by Number Answered

Percent of People with Each Score

Your Score History

You have not taken this quiz